Informe final de carácter general no vinculante al Presidente de la República sobre el Tratado de Libre Comercio entre Centroamérica, República Dominicana y Estados Unidos de América : el informe de los notables
Salvato in:
| Autore principale: | |
|---|---|
| Altri autori: | , , , |
| Natura: | Libro |
| Lingua: | Spanish |
| Pubblicazione: |
San José, Costa Rica : EUNED
2005.
|
| Soggetti: | |
| Tags: |
Aggiungi Tag
Nessun Tag, puoi essere il primo ad aggiungerne!!
|
MARC
| LEADER | 00000nam a2200000Ia 4500 | ||
|---|---|---|---|
| 003 | 002312 | ||
| 005 | 20221231143954.0 | ||
| 008 | 140114s2005 cr a 000 ||spa d | ||
| 040 | |c cru CEDI | ||
| 082 | |a 382.972.807.3 I43in | ||
| 100 | |a Antillón Salazar, Alvar |9 21417 | ||
| 245 | |a Informe final de carácter general no vinculante al Presidente de la República sobre el Tratado de Libre Comercio entre Centroamérica, República Dominicana y Estados Unidos de América : el informe de los notables | ||
| 246 | |a El informe de los notables informe final de carácter general no vinculante | ||
| 260 | |a San José, Costa Rica : EUNED |c 2005. | ||
| 300 | |a vi, 117 páginas : ilustraciones. | ||
| 650 | |x TRATADO DE LIBRE COMERCIO ENTRE ESTADOS UNIDOS, AMERICA CENTRAL Y REPUBLICA DOMINICANA |x ASPECTOS LEGALES |x ASPECTOS SOCIOECONOMICOS |x TRATADOS COMERCIALES |x NEGOCIACION DE TRATADOS |x COSTA RICA |x REPUBLICA DOMINICANA |9 21423 | ||
| 700 | |9 21419 |a Chang Díaz, Franklin | ||
| 700 | |9 21420 |a Gámez Lobo, Rodrigo | ||
| 700 | |9 21421 |a Macaya Tejos, Gabriel | ||
| 700 | |9 21422 |a Villalta Loaiza, Guido | ||
| 942 | |2 ddc |c BK | ||
| 999 | |c 14995 |d 14995 | ||
